000 00627nam a2200217Ii 4500
003 JO-AjNU
008 230606s9999||||xx |||||||||||||| ||und||
020 _a978-007-127472-2/007-127472-3
040 _aJO-AjNU
_beng
_erda
_cJO-AjNU
041 _aeng
050 1 4 _aHF1009.5.C35.2008
100 3 _aCateora,Philip R/John L. Graham,
_eauthor
_91786
245 0 0 _aInternational Marketing
250 _a13 ed
264 3 1 _aBoston: Mc Graw Hill Irwin,2008
300 _a702p
336 _atext
_btxt
_2rdacontent
337 _aunmediated
_bn
_2rdamedia
338 _avolume
_bnc
_2rdacarrier
650 4 _aExport marketing 
_91787
999 _aE941
_c941
_d941